Statistics for Top 5 Songs On Playboi Carti (Playboi Carti)

Click here to take the quiz!

General Stats

  • This quiz has been taken 50 times
  • The average score is 4 of 5

Answer Stats

HintAnswer% Correct
643,569,918Magnolia
100%
241,670,555Location
86%
452,958,234wokeuplikethis*
86%
105,157,366Flex
64%
104,254,692New Choppa
64%

Score Distribution

Percentile by Number Answered

Percent of People with Each Score

Your Score History

You have not taken this quiz